Karol Plank (1927-1997)

Saved in:
Bibliographic Details
Main Author: Vlková, Eva, 1953-
Other Authors: Vrzgulová, Kveta
Format: Book Chapter
Language:Slovak
Tags: Add Tag
No Tags, Be the first to tag this record!

MARC

LEADER 00000naa$a2200000$$$4500
001 0219450
005 20240502073620.9
041 0 |a slo 
044 |a SK 
245 1 0 |a Karol Plank (1927-1997)  |c Eva Vlková, Kveta Vrzgulová 
100 1 |a Vlková, Eva, 1953- 
700 1 |a Vrzgulová, Kveta